Doing Sociology in India: (Record no. 196498)

MARC details
000 -LEADER
fixed length control field 00603nam a22001817a 4500
005 - DATE AND TIME OF LATEST TRANSACTION
control field 20230705154744.0
010 ## - LCCN (DPL NO)
LC control number ENG-137285
020 ## - INTERNATIONAL STANDARD BOOK NUMBER
International Standard Book Number 019807011-X
Terms of availability 775.00
020 ## - INTERNATIONAL STANDARD BOOK NUMBER
International Standard Book Number 9780198070115
Terms of availability 775.00
035 ## - SYSTEM CONTROL NUMBER
System control number EN-120817
037 ## - SOURCE OF ACQUISITION
Source of stock number/acquisition DBAD/PUB
082 ## - DEWEY DECIMAL CLASSIFICATION NUMBER
Classification number 301.0954
245 ## - TITLE STATEMENT
Title Doing Sociology in India:
Statement of responsibility, etc edited by Sujata Patel
Remainder of title Genealogies, Locations, and Practices/
260 ## - PUBLICATION, DISTRIBUTION, ETC. (IMPRINT)
Place of publication, distribution, etc New Delhi
Name of publisher, distributor, etc Oxford University Press
Date of publication, distribution, etc 2011
270 ## - ADDRESS
Address YMCA Library Building, Jai Singh Road,
City New Delhi
Postal code 110001
300 ## - PHYSICAL DESCRIPTION
Extent xxxviii,328pg
Dimensions 22.5cm(hb)
942 ## - ADDED ENTRY ELEMENTS (KOHA)
Source of classification or shelving scheme Dewey Decimal Classification
Item type English Books
Call number suffix PAT
Classification part 301.0954
Holdings
Withdrawn status Lost status Not for loan Collection code Home library Current library Date acquired Source of acquisition Cost, normal purchase price Full call number Barcode Copy number Koha item type
      Non-fiction Narela Narela 05/07/2023 DBAD/PUB 775.00 301.0954 PAT EN-120817 1 English Books

© Delhi Public Library
Hit Counter
free hit counter